书目信息 |
| 题名: |
实用整形外科手册
|
|
| 作者: | 郭恩覃 主编 | |
| 分册: | ||
| 出版信息: | 北京 人民军医出版社 1996.04 |
|
| 页数: | 429页 | |
| 开本: | 32开 | |
| 丛书名: | ||
| 单 册: | ||
| 中图分类: | R62-62 | |
| 科图分类: | ||
| 主题词: | 整形外科学 | |
| 电子资源: | ||
| ISBN: | 7-80020-619-X | |
| 000 | 00543nam0 2200181 45 | |
| 001 | 9911301546 | |
| 005 | 19991130153729.4 | |
| 010 | @a7-80020-619-X@d30.00 | |
| 100 | @a19991130d1996 km y0chiy0120 ea | |
| 101 | @achi | |
| 105 | @a z 000yy | |
| 200 | 1 | @a实用整形外科手册@AShi Yong Zheng Xing Wai Ke Shou Ce@f郭恩覃 主编@FGuo En Tan Zhu Bian |
| 210 | @a北京@c人民军医出版社@d1996.04 | |
| 215 | @a429页@c无图表@d32开 | |
| 606 | 0 | @a整形外科学 |
| 690 | @aR62-62@v3 | |
| 801 | @aCN@bPerfectUser@c19991130 | |
| 905 | @aBZT@b48829-831@f3@dR62-62@e1 | |
| 实用整形外科手册/郭恩覃 主编.-北京:人民军医出版社,1996.04 |
| 429页:无图表;32开 |
| ISBN 7-80020-619-X:30.00 |
| ● |
| 相关链接 |
|
|
|
正题名:实用整形外科手册
索取号:R62-62/1
 
预约/预借
| 序号 | 登录号 | 条形码 | 馆藏地/架位号 | 状态 | 备注 |
| 1 | 48829 | 200608388 | 中心书库中库/ 中库011架A面5列5层2/ [索取号:R62-62/1] | 在馆 | |
| 2 | 48830 | 200608404 | 中心书库中库/ 中库011架A面5列5层3/ [索取号:R62-62/1] | 在馆 | |
| 3 | 48831 | 200608397 | 中心书库中库/ 中库011架A面5列5层4/ [索取号:R62-62/1] | 在馆 |